The hobbit, or, There and back again / (Record no. 646)

MARC details
000 -LEADER
fixed length control field 00970cam a2200277 a 4500
005 - DATE AND TIME OF LATEST TRANSACTION
control field 20231211145101.0
020 ## - INTERNATIONAL STANDARD BOOK NUMBER
International Standard Book Number 9780618968633
020 ## - INTERNATIONAL STANDARD BOOK NUMBER
International Standard Book Number 0618968636
040 ## - CATALOGING SOURCE
Original cataloging agency DLC
Transcribing agency DLC
Modifying agency DLC
Language of cataloging eng
050 00 - LIBRARY OF CONGRESS CALL NUMBER
Classification number PZ7.T5744
Item number Ho 2007
082 00 - DEWEY DECIMAL CLASSIFICATION NUMBER
Classification number [Fic]
Edition number 22
100 1# - MAIN ENTRY--PERSONAL NAME
Personal name Tolkien, J. R. R.
Fuller form of name (John Ronald Reuel),
Dates associated with a name 1892-1973.
245 14 - TITLE STATEMENT
Title The hobbit, or, There and back again /
Statement of responsibility, etc. J.R.R. Tolkien.
246 3# - VARYING FORM OF TITLE
Title proper/short title Hobbit
246 3# - VARYING FORM OF TITLE
Title proper/short title There and back again
260 ## - PUBLICATION, DISTRIBUTION, ETC.
Place of publication, distribution, etc. Boston :
Name of publisher, distributor, etc. Houghton Mifflin,
Date of publication, distribution, etc. 2007.
300 ## - PHYSICAL DESCRIPTION
Extent xix, 300 p. :
Other physical details illustrations, 1 map ;
Dimensions 23 cm.
505 ## - FORMATTED CONTENTS NOTE
Formatted contents note U
520 ## - SUMMARY, ETC.
Summary, etc. Bilbo Baggins, a respectable, well-to-do hobbit, lives comfortably in his hobbit-hole until the day the wandering wizard Gandalf chooses him to take part in an adventure from which he may never return.
521 ## - TARGET AUDIENCE NOTE
Target audience note 1000 <br/>
Source Lexile
521 ## - TARGET AUDIENCE NOTE
Target audience note U <br/>
Source Raz-Plus
650 #1 - SUBJECT ADDED ENTRY--TOPICAL TERM
Topical term or geographic name entry element Fantasy.
906 ## - LOCAL DATA ELEMENT F, LDF (RLIN)
a 7
b cbc
c orignew
d 1
e ecip
f 20
g y-gencatlg
942 ## - ADDED ENTRY ELEMENTS (KOHA)
Source of classification or shelving scheme Library of Congress Classification
Koha item type Books
Suppress in OPAC No
999 ## -
-- 646
-- 646
Holdings
Withdrawn status Lost status Source of classification or shelving scheme Damaged status Not for loan Collection Home library Current library Shelving location Date acquired Total Checkouts Full call number Barcode Date due Date last seen Date last checked out Price effective from Koha item type
    Dewey Decimal Classification     Fiction Footprints International School Library Network Toul Kork Campus Footprints International School Library Network Toul Kork Campus A TK Campus, 4th Floor, Room B401, Fiction Bookcases (1-6) 06/28/2023 3 TOL Fic PZ7.T5744 FISTK04744 04/15/2026 04/01/2026 04/01/2026 06/28/2023 Books